000 00524nam a2200181Ia 4500
005 20250508163823.0
008 008 250505s9999 xx 000 0 eng d
037 _aReference
040 _aFEDL
_beng
_cFEDL
041 _aeng
_2eng
084 _a371.95, MAI
_qFEDL
100 _aMaitra Krishna Ed.
_939305
245 0 _aGiftedness in action: Theory and practice
260 _aNew Delhi, India
_bKanishka Publishers
_c2000
300 _axii,147p.
942 _cREF
_h371.95, MAI
999 _c1385447
_d1385447